Fisiología respiratoria en fisioterapia (Registro nro. 1667)
[ vista simple ]
| 000 -CABECERA | |
|---|---|
| Campo de control interno | 00869nam a22002777a 4500 |
| 005 - FECHA Y HORA DE LA CATALOGACION | |
| Campo de control | 20251126144607.0 |
| 008 - ELEMENTOS DE LONGITUD FIJA - INFORMACION | |
| Elementos de Longitud Fija - Informaci | 251126t2023 sp ||||| |||| 00| 0 spa d |
| 020 ## - ISBN | |
| ISBN | 978-84-1382-726-1 |
| 040 ## - ORIGEN DE LA CATALOGACION | |
| Origen de la Catalogación | Iste |
| 041 ## - CODIGO DE LENGUAJE | |
| Código de lenguaje del texto | spa |
| 044 ## - CODIGO ISO DE PAIS | |
| Código ISO de País | sp |
| 082 ## - NUMERO DE CLASIFICACION CDU | |
| Clasificacion | 612.2:615.82 |
| Cutter | K882 |
| 100 ## - AUTOR PERSONAL | |
| Autor Personal | Krenek, Beate |
| Titulos u otras palabras asociadas al nombre | Autor |
| Rol del Autor | Autor |
| 9 (RLIN) | 8322 |
| 245 ## - TÍTULO GENERAL | |
| Título | Fisiología respiratoria en fisioterapia |
| 250 ## - EDICION | |
| Edición | 1a. ed. |
| 260 ## - EDITORIAL | |
| Ciudad - País | Barcelona - España |
| Nombre de la Editorial | Elsevier |
| Fecha | 2023 |
| 300 ## - DESCRIPCION | |
| Número de páginas | 246 páginas, |
| Información descriptiva | gráficos, ilustraciones, tablas. |
| 650 ## - DESCRIPTORES - TEMAS | |
| Temas - Descriptores | FISIOLOGÍA DE LA VIA AÉREA |
| 9 (RLIN) | 8323 |
| 650 ## - DESCRIPTORES - TEMAS | |
| Temas - Descriptores | PATOLOGÍA DE LA VÍA AÉREA |
| 9 (RLIN) | 8324 |
| 650 ## - DESCRIPTORES - TEMAS | |
| Temas - Descriptores | PROCESO FISIOTERAPÉUTICO |
| 9 (RLIN) | 8325 |
| 650 ## - DESCRIPTORES - TEMAS | |
| Temas - Descriptores | FISIOTERAPIA RESPIRATORIA |
| 9 (RLIN) | 8326 |
| 650 ## - DESCRIPTORES - TEMAS | |
| Temas - Descriptores | AEROSOLTERAPIA |
| 9 (RLIN) | 8327 |
| 653 ## - CATEGORIAS | |
| Categorías Secundarias | TECNOLOGÍA Y CIENCIAS MÉDICAS |
| 653 ## - CATEGORIAS | |
| Categorías Secundarias | TERAPÉUTICA |
| 942 ## - ELEMENTOS DE KOHA | |
| Esquema de Clasificacion | Clasificación decimal universal |
| Tipo de Documento | Libros |
| Catalogador | Usuario Catalogador |
| Estatus retirado | Estado de pérdida | Fuente de Clasificacion | Estado de daño | No para préstamo | Carrera | Dependencia | Dependencia | Estado | Fecha de Adquisición | Vía de adquisición | Inventario | Total de préstamos | CDU | Código de barras | Visto por última vez | Numero de copia o ejemplar | Tipo de Item |
|---|---|---|---|---|---|---|---|---|---|---|---|---|---|---|---|---|---|
| Clasificación decimal universal | Rehabilitación Física | ISTE BG DRS | ISTE BG DRS | Disponible | 2025-11-26 | Donación | BLDS03131 | 612.2:615.82 K882 | BG25110058 | 2025-11-26 | Ej. 1 | Libros | |||||
| Clasificación decimal universal | Rehabilitación Física | ISTE BG DRS | ISTE BG DRS | Disponible | 2025-11-26 | Donación | BLDS03102 | 612.2:615.82 K882 | BG25110059 | 2025-11-26 | Ej. 2 | Libros | |||||
| Clasificación decimal universal | Rehabilitación Física | ISTE BG DRS | ISTE BG DRS | Disponible | 2025-11-26 | Donación | BLDS03103 | 612.2:615.82 K882 | BG25110060 | 2025-11-26 | Ej. 3 | Libros | |||||
| Clasificación decimal universal | Rehabilitación Física | ISTE BG DRS | ISTE BG DRS | Disponible | 2025-11-26 | Donación | BLDS03104 | 612.2:615.82 K882 | BG25110061 | 2025-11-26 | Ej. 4 | Libros |
